Statistics for Random Country Capitals Quiz

Click here to take the quiz!

General Stats

  • This quiz has been taken 11 times
  • The average score is 23 of 30

Answer Stats

HintAnswer% Correct
AfghanistanKabul
100%
AngolaLuanda
100%
BotswanaGaborone
90%
UgandaKampala
90%
SudanKhartoum
90%
SomaliaMogadishu
90%
LiberiaMonrovia
90%
UzbekistanTashkent
90%
Solomon IslandsHoniara
80%
South SudanJuba
80%
ZambiaLusaka
80%
Eswatini, Kingdom ofMbabane
80%
NigerNiamey
80%
TongaNukuʻalofa
80%
ArmeniaYerevan
80%
MaliBamako
70%
GambiaBanjul
70%
TajikistanDushanbe
70%
TuvaluFunafuti
70%
RwandaKigali
70%
ComorosMoroni
70%
MauritaniaNouakchott
70%
MauritiusPort Louis
70%
VanuatuPort Vila
70%
BhutanThimphu
70%
Central African RepublicBangui
60%
Cote d'IvoireYamoussoukro
60%
Marshall IslandsMajuro
50%
MyanmarNaypyidaw
50%
PalestineRamallah
40%

Score Distribution

Percentile by Number Answered

Percent of People with Each Score

Your Score History

You have not taken this quiz